| 000 | 00653nam a2200253Ia 4500 | ||
|---|---|---|---|
| 001 | 5716 | ||
| 005 | 20240113233844.0 | ||
| 007 | ta | ||
| 008 | 050622s1961 g b000 u hin u | ||
| 040 | _aCotton College Assam | ||
| 041 | _ahin | ||
| 082 |
_a891.433 _bM 687 P |
||
| 100 | _aMishra, Ramdaras. | ||
| 245 | 0 |
_aPani Ke Prachirra / _cRamdaras Mishra. _hTextual Documents |
|
| 250 | _a1st ed. / | ||
| 260 |
_aBaranashi : _bHindi Prasarak Pustakalay , _c1961. |
||
| 300 |
_a291p. ; _c21cm.. |
||
| 653 | _aHindi novel | ||
| 653 | _aHindi fiction | ||
| 653 | _aGen-Hindi | ||
| 942 |
_2ddc _cBK |
||
| 999 |
_c5703 _d5703 |
||